Trenerzy Wisły Kraków - nagła śmierć - Statystyki

Ogólne statystyki
  • Ten quiz został rozwiązany 46 razy
  • Średni wynik to 10 z 15
Answers on the Grid
Answers color-coded by a green-red scale on the quiz's grid according to % correct below.
Jan Urban
Adrian Gula
Mariusz Jop
Czesław Michniewicz
Jarosław Królewski
Kazimierz Moskal
Łukasz Piszczek
Marek Papszun
Artur Skowronek
Kamil Kiereś
Leszek Ojrzyński
Maciej Skorża
Waldemar Fornalik
Orest Lenczyk
Jerzy Brzęczek
Piotr Stokowiec
Adam Nawałka
Marcin Brosz
Radosław Sobolewski
Dawid Szwarga
Kazimierz Kmiecik
Franciszek Smuda
Jacek Zieliński
Maciej Stolarczyk
Henryk Kasperczak
Daniel Myśliwiec
Dariusz Wdowczyk
Mariusz Rumak
Michał Probierz
Ryszard Wieczorek
 
Statystyki odpowiedzi
Odpowiedź % Poprawnych
Mariusz Jop
92%
Kazimierz Moskal
89%
Maciej Skorża
79%
Maciej Stolarczyk
74%
Adrian Gula
71%
Franciszek Smuda
71%
Henryk Kasperczak
71%
Jerzy Brzęczek
71%
Kazimierz Kmiecik
71%
Radosław Sobolewski
71%
Orest Lenczyk
68%
Artur Skowronek
63%
Adam Nawałka
58%
Dariusz Wdowczyk
42%
Michał Probierz
42%
Nie znaleziono quizów pasujących do podanych kryteriów
Rozkład punktacji
Procent ludzi z każdym wynikiem
Percentyl według liczby udzielonych odpowiedzi
Twoja historia wyników
Nie rozwiązałeś tego quizu